000 00962cam a2200253 a 4500
001 11922663
005 20250826114302.0
008 000225s2001 caua b 001 0 eng
020 _a0534577628
020 _a9780534577629
050 0 0 _aBF181
_b.M22 2001
082 0 0 _a150/.7/2
_221
100 1 _aMcBurney, Donald,
_d1938-
245 1 0 _aResearch methods /
_cDonald H. McBurney.
250 _a5th ed.
260 _aBelmont, CA :
_bWadsworth Thomson Learning,
_cc2001.
300 _axiii, 450 p. :
_bill. ;
_c24 cm.
650 0 _aPsychology, Experimental
_xMethodology.
650 0 _aPsychology
_xResearch
_xMethodology.
856 4 2 _3Contributor biographical information
_uhttp://www.loc.gov/catdir/enhancements/fy1515/00027529-b.html
856 4 2 _3Publisher description
_uhttp://www.loc.gov/catdir/enhancements/fy1515/00027529-d.html
856 4 1 _3Table of contents only
_uhttp://www.loc.gov/catdir/enhancements/fy1515/00027529-t.html
942 _2lcc
_cBK
_n0
999 _c7376
_d7376